• 首页
  • 本馆介绍
  • 公告通知
  • 最新文献
  • 馆藏检索
  • 电子资源
  • 读者导购
  • 参考咨询
  • 我的图书馆
  • 登录
  • 详细信息显示
  • 放入我的书架
  • 预约/预借图书
  • 作者相关作品
  • 分类相关作品
  • 丛书相关作品
  • 出版社相关作品

书目信息

  • 表格格式
  • 工作单格式
  • 卡片格式
题名:
突向哈尔滨
    
 
作者: 别洛博罗多夫 著 ;晓渔 译
分册:  
出版信息: 北京   军事译文出版社  1984
页数: 195页
开本: 19cm
丛书名:
单 册:
中图分类: E512.9 , K512.54
科图分类:
主题词: 第二次世界大战--苏联--史料 , 东欧--历史 , 中欧--历史
电子资源:
ISBN:
000 00902nam0 2200313 45
001 0184013186
005 20040511171444.9
010    @dCNY0.70
091    @a5319.22
100    @a19950512d1984 em y0chiy0121 ea
101 1  @achi@crus
102    @aCN@b110000
105    @ay z 000zy
106    @ar
200 10 @a突向哈尔滨@Atu xiang ha er bin@f(苏)А.П.别洛博罗多夫著@g晓渔译
210    @a北京@c军事译文出版社@d1984
215    @a195页@d19cm
300    @a书名原文:Прорыв на Харбин
510 1  @aПрорыв на Харбин@zrus
606    @a第二次世界大战@y苏联@x史料
606 0  @a东欧@x历史
606 0  @a中欧@x历史
690    @aE512.9@v3
690    @aK512.54
701  1 @a别洛博罗多夫@Abie luo bo luo duo fu@bА.П.@4著
702  0 @a晓渔@Axiao yu@4译
801  0 @aCN@b上海图书馆@c20040511
801  2 @aCN@bNLC@c20040511
905    @f4@b249744-747@dK512.54@e19
    
    突向哈尔滨/(苏)А.П.别洛博罗多夫著/晓渔译.-北京:军事译文出版社,1984
    195页;19cm
    书名原文:Прорыв на Харбин
    
    ISBN :CNY0.70
    
●
相关链接 在E读中查询图书 在五车中查询图书 在当当中查询图书 在豆瓣中查询图书


正题名:突向哈尔滨     索取号:K512.54/19         预约/预借

序号 登录号 条形码 馆藏地/架位号 状态 备注
1 0249744   001394985   第二借阅区/ [索取号:K512.54/19] 在馆    
2 0249745   001394976   第二借阅区/ [索取号:K512.54/19] 在馆    
3 0249746   001395029   第二借阅区/ [索取号:K512.54/19] 在馆    
4 0249747   001395038   第二借阅区/ [索取号:K512.54/19] 在馆    
5 0249748   001395010   第二样本阅览室/ [索取号:K512.54/19] 在馆    
唐山师范学院图书馆 欢迎您!
大连网信软件有限公司© 版权所有